Primeros elementos del proyecto AMELA
Salvato in:
| Ente Autore: | |
|---|---|
| Natura: | testo |
| Pubblicazione: |
París:
MIDIST
|
| Tags: |
Aggiungi Tag
Nessun Tag, puoi essere il primo ad aggiungerne!!
|
MARC
| LEADER | 00000 a a2200000 04500 | ||
|---|---|---|---|
| 001 | 24609 | ||
| 003 | |||
| 040 | |a CRAI/IIS |c CRAI/IIS | ||
| 090 | |a 169600 | ||
| 110 | |a Ministere de l'industrie et de la recherche | ||
| 245 | |a Primeros elementos del proyecto AMELA | ||
| 260 | |a París: |b MIDIST | ||
| 300 | |a 151 p. | ||
| 999 | |c 16448 |d 16448 | ||
